00565nam a2200145 i 450000100060000000300090000600500170001500700030003200800410003510000340007624501310011026000740024130000210031585200830033622400ES-MaACL20230906152705.0t|021202s1882 sp ||||1| spa d1 aAlonso y Fernández, José.10aPrograma de química general / cpor el catedrático de la misma en la Universidad de Granada [José Alonso y Fernández]. aGranada : b[s.n.], c1882 (fImpr. y Lib. de José López Guevara) a38 p. ; c21 cm. aES-MaACLjT-715-F-8 z.- Dedicatoria manuscrita del autor a Gustavo Saenz Diez